[Event "22nd OIBM 2018"]
[Site "Gmund am Tegernsee"]
[Date "2018.10.28"]
[Round "2"]
[White "Halkias, Stelios"]
[Black "Ehrke, Michael"]
[Result "1-0"]
[WhiteElo "2544"]
[BlackElo "2212"]
[Annotator "TA"]
[PlyCount "75"]
[EventDate "2018.10.27"]
[EventType "swiss"]
[EventCountry "GER"]
[SourceTitle "playchess.com"]
[Source "ChessBase"]
[SourceQuality "1"]

{[%evp 33,75,12,16,8,24,10,16,14,45,29,45,35,44,36,45,11,37,31,23,26,29,16,93,102,96,95,90,91,256,248,375,373,607,456,475,0,602,585,1351,1305,1276,1259,1342,1335]} 1. c4 e6 2. Nf3 Nf6 3. g3 c5 4. Bg2 Be7 5. O-O O-O 6. Nc3 Nc6 7. d4 d5 8. cxd5 exd5 {[%cal Be6d5,Bd5d4][%mdl 32]} 9. dxc5 Bxc5 10. Bg5 d4 11. Ne4 Be7 12. Bxf6 Bxf6 13. b4 {D34: Tarrasch Defence: 6 g3 Nf6 7 Bg2 Be7} (13. Nxf6+ Qxf6 14. b4 Rd8 15. b5 Ne5 16. Rc1 Bg4 17. Nxd4 Rxd4 18. Qxd4 Nf3+ 19. exf3 Qxd4 20. fxg4 Qb6 21. Rfd1 Qxb5 {½-½ (81) Aronian,L (2797)-Wang,Y (2720) Beijing 2014}) 13... d3 14. Nxf6+ Qxf6 15. Qxd3 Nxb4 16. Qd4 Qe7 17. Qb2 Nc6 {LiveBook: 7 Games} 18. Rfd1 Rb8 19. e3 $146 ({Predecessor:} 19. Rac1 Be6 20. h4 h6 21. Rd2 Rfd8 {½-½ (35) Foisor,C (2364)-Berzinsh,R (2444) Balaguer 2003}) 19... Bg4 20. h3 Bxf3 21. Bxf3 Ne5 22. Bd5 Rfd8 23. Qb3 Nd7 24. Rd4 Nc5 25. Qa3 b6 26. Rad1 Kf8 27. Qb2 Nd7 (27... Rd7 $11 {keeps the balance.}) 28. Re4 Qc5 29. Rc4 {[%cal Be4c4,Bc4c6,Bc6c7,Bc7f7][%mdl 32]} Qd6 30. Rc6 Qe7 $2 {[#]} (30... Qe5 $16 31. Qxe5 Nxe5) 31. Rc7 $18 a5 (31... Rbc8 $142 32. Rxa7 Qf6 33. Qb4+ Kg8) 32. Qc2 Qe5 $2 (32... Qf6 33. Qxh7 g6) 33. Qc6 Qe7 34. Qc2 $40 {[%mdl 128] White attacks.} Qe5 $1 35. Bb3 {White is clearly winning.} Nc5 36. Rxf7+ Ke8 37. Rxd8+ Rxd8 38. Qxh7 {Precision: White = 51%, Black = 33%.} 1-0

[Event "22nd OIBM 2018"]
[Site "Gmund am Tegernsee"]
[Date "2018.10.28"]
[Round "2"]
[White "Andersson, Ulf"]
[Black "Sieglen, Joachim"]
[Result "1-0"]
[WhiteElo "2530"]
[BlackElo "2208"]
[Annotator "TA"]
[PlyCount "71"]
[EventDate "2018.10.27"]
[EventType "swiss"]
[EventCountry "GER"]
[SourceTitle "playchess.com"]
[Source "ChessBase"]
[SourceQuality "1"]

{[%evp 24,71,40,40,39,40,41,41,44,42,39,35,41,39,58,56,50,48,58,53,50,51,54,60,58,55,72,60,60,60,58,59,58,53,94,93,102,102,95,93,106,108,138,150,174,172,175,161,232,235]} 1. Nf3 d5 2. d4 Nf6 3. c4 c6 4. cxd5 cxd5 5. Nc3 Nc6 6. Bf4 e6 7. e3 Bd6 8. Bxd6 Qxd6 9. Bd3 O-O 10. O-O a6 11. Rc1 e5 12. dxe5 Nxe5 13. Be2 {LiveBook: 9 Games} Be6 {D13: Slav Defence: Exchange variation without ...Bf5} 14. Qd4 Nc6 15. Qd2 $146 ({Predecessor:} 15. Qh4 Rac8 16. a3 Rc7 17. Rcd1 {½-½ (17) Krivoshey,S (2471)-Demidov,M (2517) Elets 2014}) 15... Rfd8 {White is slightly better.} 16. Rfd1 Qe7 17. Nd4 Ne5 18. Qe1 Bd7 19. Nf3 Bg4 20. Nxe5 Qxe5 21. Rd4 Bxe2 22. Qxe2 Rd7 23. Rcd1 Rad8 24. h3 h6 25. R1d2 Qc7 26. Qd1 Qc6 27. R2d3 Qe6 28. Qb3 Rc8 29. Nxd5 Nxd5 30. Rxd5 Rxd5 31. Rxd5 $16 {KQR-KQR} ({Reject} 31. Qxd5 $6 Qxd5 32. Rxd5 Rc1+ 33. Kh2 Rc2 $11) 31... Rc1+ 32. Kh2 Kh7 33. Qd3+ {White is clearly better.} g6 {[#]} 34. Qd4 $1 {Black must now prevent Rd8.} Rc8 35. b3 Re8 {[#]} (35... Qc6 $142 36. Rd7 Kg8) 36. Rd6 $1 {Precision: White = 91%, Black = 67%.} 1-0

[Event "22nd OIBM 2018"]
[Site "Gmund am Tegernsee"]
[Date "2018.10.28"]
[Round "2"]
[White "Stefansson, Hannes"]
[Black "Kutzner, Stephen"]
[Result "1-0"]
[WhiteElo "2502"]
[BlackElo "2205"]
[Annotator "TA"]
[PlyCount "81"]
[EventDate "2018.10.27"]
[EventType "swiss"]
[EventCountry "GER"]
[SourceTitle "playchess.com"]
[Source "ChessBase"]
[SourceQuality "1"]

{[%evp 12,81,-15,-11,0,-11,0,-4,22,14,19,30,54,47,63,78,76,71,77,66,74,70,110,111,99,0,89,98,77,46,56,53,31,43,42,15,84,89,126,20,98,37,69,0,152,152,148,134,175,178,170,173,277,225,450,408,575,577,559,554,514,507,550,523,1201,1194,1711,1716,1622,1606,1566,1520]} 1. e4 c5 2. Nf3 Nc6 3. Bb5 e6 4. Bxc6 bxc6 5. b3 Ne7 6. O-O Ng6 7. Ba3 {LiveBook: 14 Games. B30: Sicilian: 2...Nc6 3 Bb5, lines without ...g6} (7. Bb2 d6 8. e5 Be7 9. exd6 Bxd6 10. Bxg7 Rg8 11. Bb2 e5 12. Nc3 Bg4 13. h3 Bxh3 14. Ne4 Bxg2 15. Kxg2 {1-0 (39) Popov,I (2650)-Triapishko,O (2471) Minsk 2015}) 7... e5 8. c3 Be7 $146 ({Predecessor:} 8... Ba6 9. Re1 Bd3 10. Re3 Bxb1 11. Rxb1 Qa5 12. Qc1 Be7 13. g3 O-O 14. h4 h5 {1-0 (61) Perelshteyn,E (2534)-Finegold,B (2513) Lubbock 2009}) 9. d4 {The position is equal.} Ba6 10. Re1 cxd4 11. cxd4 Bxa3 12. Nxa3 Qe7 13. Nc2 {[%cal Ba3c2,Bc2e3,Be3f5][%mdl 32]} d6 14. Ne3 {Strongly threatening Nf5.} O-O 15. Rc1 Rac8 16. Nf5 Qf6 17. dxe5 dxe5 18. Qd6 (18. Qd7 $16) 18... c5 (18... Qxd6 $11 19. Nxd6 Rc7) 19. Qxf6 gxf6 20. Re3 Rc7 21. g3 Rd8 22. Rec3 Nf8 23. b4 Rcd7 (23... Ne6 $11) 24. bxc5 $16 {Hoping for Ne3.} (24. Rxc5 $6 Rd1+ 25. Ne1 Ne6 $11) 24... Rd1+ {[#]} 25. Ne1 (25. Kg2 $1 $16) 25... Ne6 (25... R8d3 $1 $11 {remains equal.} 26. R3c2 (26. Rxd3 Rxc1 27. Ne7+ Kg7 $11) 26... R3d2) 26. Ne7+ ({White should play} 26. Kg2 $16) 26... Kg7 27. c6 (27. Kg2 $14) 27... Nc7 $2 (27... R8d3 $1 $11 28. Nf5+ (28. Rxd3 Rxc1 29. Re3 Nd4 $11) 28... Kg8) 28. Kg2 Kf8 29. Nf5 $36 {[%mdl 2048] Keeping Black busy.} Bc8 30. Rxd1 Rxd1 31. Nd3 Ba6 (31... Bxf5 {was worth a try.} 32. exf5 Rd2) 32. Nc5 Bf1+ $2 {[#]} (32... Bc8 33. Ne3 Rd6) 33. Kf3 $18 Re1 (33... Ke8 $142 34. Rb3 Bb5) 34. Nd7+ {White is clearly winning.} Ke8 35. Nxf6+ Kd8 {and the idea ...Be2+ leaves Black hopeful.} 36. Kg4 Nb5 37. Rc2 Kc8 38. a4 Nd4 39. Nd6+ Kc7 40. Nfe8+ Kb6 41. c7 {Precision: White = 63%, Black = 29%.} 1-0

[Event "22nd OIBM 2018"]
[Site "Gmund am Tegernsee"]
[Date "2018.10.28"]
[Round "2"]
[White "Jarmula, Lukasz"]
[Black "Leeb, Simon"]
[Result "1-0"]
[WhiteElo "2492"]
[BlackElo "2203"]
[Annotator "RC"]
[PlyCount "59"]
[EventDate "2018.10.27"]
[EventType "swiss"]
[EventCountry "GER"]
[SourceTitle "playchess.com"]
[Source "ChessBase"]
[SourceQuality "1"]
[TimeControl "40/5400+30:1800+30"]

1. e4 {[%emt 0:00:00]} c6 {[%emt 0:00:00]} 2. Nc3 {[%emt 0:00:00]} d5 {[%emt 0:00:55]} 3. Nf3 {[%emt 0:00:00]} Nf6 {[%emt 0:00:10]} 4. e5 {[%emt 0:00:00]} Ne4 {[%emt 0:00:06]} 5. Nb1 {[%emt 0:00:00]} Bg4 {[%emt 0:13:54]} 6. Be2 {[%emt 0:01:35]} Nd7 {[%emt 0:01:28]} 7. d3 {[%emt 0:01:23]} Nec5 {[%emt 0:03:08]} 8. d4 {[%emt 0:00:15]} Ne6 {[%emt 0:02:51]} 9. O-O {[%emt 0:00:56]} c5 {[%emt 0:07:11]} 10. dxc5 {[%emt 0:04:31]} Nc7 {[%emt 0:00:20]} 11. Nd4 {[%emt 0:16:37]} Bxe2 {[%emt 0:02:36]} 12. Qxe2 {[%emt 0:00:08]} Nxc5 {[%emt 0:00:33]} 13. b4 {[%emt 0:04:25]} N5e6 {[%emt 0:02:24]} 14. Nxe6 {[%emt 0:02:46]} Nxe6 {[%emt 0:01:45]} 15. Rd1 {[%emt 0:01:23]} Nc7 {[%emt 0:02:33]} 16. c4 {[%emt 0:10:39]} e6 {[%emt 0:00:51]} 17. a3 {[%emt 0:01:03]} Qc8 {[%emt 0:07:25]} 18. Nc3 {[%emt 0:01:49]} dxc4 {[%emt 0:08:49]} 19. Bg5 {[%emt 0:02:15]} Be7 {[%emt 0:11:14]} 20. Bxe7 {[%emt 0:02:17]} Kxe7 {[%emt 0:00:08]} 21. Qxc4 {[%emt 0:00:12]} Rd8 {[%emt 0:01:30]} 22. Rxd8 {[%emt 0:11:43]} Qxd8 {[%emt 0:00:58]} 23. Rd1 {[%emt 0:00:09]} Nd5 {[%emt 0:08:56]} 24. Nxd5+ {[%emt 0:01:14]} exd5 {[%emt 0:00:03]} 25. Rxd5 {[%emt 0:00:26]} Rc8 {[%emt 0:01:03]} 26. Qh4+ {[%emt 0:00:26]} f6 {[%emt 0:00:14]} 27. exf6+ {[%emt 0:00:25]} gxf6 {[%emt 0:02:48]} 28. Qxh7+ {[%emt 0:01:27]} Ke6 {[%emt 0:00:42]} 29. Qf5+ {[%emt 0:04:52]} Ke7 {[%emt 0:00:40]} 30. g4 {[%emt 0:00:25]} 1-0

[Event "22nd OIBM 2018"]
[Site "Gmund am Tegernsee"]
[Date "2018.10.28"]
[Round "2"]
[White "Milov, Leonid"]
[Black "Boehm, Martin"]
[Result "1-0"]
[WhiteElo "2481"]
[BlackElo "2195"]
[Annotator "TA"]
[PlyCount "133"]
[EventDate "2018.10.27"]
[EventType "swiss"]
[EventCountry "GER"]
[SourceTitle "playchess.com"]
[Source "ChessBase"]
[SourceQuality "1"]

{[%evp 14,133,25,0,75,69,61,39,102,91,127,77,97,103,117,97,93,97,102,93,97,89,91,80,81,92,112,115,127,128,131,131,142,135,126,124,139,140,145,136,140,140,140,140,140,140,140,140,142,140,140,137,163,163,164,164,163,163,163,168,163,159,176,176,176,169,169,172,172,169,169,135,135,120,208,120,208,208,248,248,248,235,197,179,415,415,401,349,383,368,1139,1117,1094,914,5393,5350,5147,5102,5057,3459,6187,4752,4514,1384,3300,2976,2237,1817,2656,1000,6232,3707,2563,1554,1045,1021,12834,6113,12790,7077,6083,6028]} 1. e4 {Szabo,Kr} c5 2. Nf3 e6 3. Nc3 a6 4. d4 cxd4 5. Nxd4 b5 6. Be3 Bb7 7. f3 Ne7 {B43: Sicilian: Kan Variation: 5 Nc3} 8. Qd2 {LiveBook: 4 Games} Nbc6 (8... d5 $11 {keeps the balance.}) 9. Nb3 $16 d6 {White is slightly better.} 10. a4 $146 ({Predecessor:} 10. O-O-O Nc8 11. g4 Be7 12. f4 O-O 13. g5 Nb6 {0-1 (50) Inarkiev,E (2675)-Mchedlishvili,M (2586) Jerusalem 2015 CBM 166 [Szabo,Kr]}) 10... bxa4 (10... b4 $14) 11. Nxa4 Nc8 12. Nd4 Qd7 13. Qc3 e5 14. Nxc6 (14. Nb3 {keeps more tension.} Be7 15. Be2 O-O 16. O-O Qc7 17. Bc4) 14... Bxc6 15. b3 Be7 16. Bc4 O-O 17. O-O Qb7 18. Qd3 Bd8 19. Kh1 Bb5 20. Rfd1 Rb8 21. Bxb5 axb5 {[#]} 22. Nc5 $1 {[%cal Ba4c5,Bc5a6,Ba6b4][%mdl 544]} Qe7 (22... dxc5 23. Qxd8) 23. Na6 Rb7 24. Nb4 Qd7 25. Qd5 Nb6 26. Qxd6 Qxd6 27. Rxd6 {Black must now prevent Rad1.} Be7 28. Rxb6 Rxb6 29. Bxb6 Bxb4 {[%mdl 4096] Endgame KRB-KRB} 30. Rd1 Rc8 31. Rd8+ Rxd8 32. Bxd8 {KB-KB} f6 33. Kg1 Kf7 34. Bb6 Ke6 35. Kf2 Kd6 36. Ke2 Kc6 37. Be3 Bf8 38. Kd3 Be7 39. f4 g6 40. h3 Bd6 41. fxe5 fxe5 42. Bh6 Kc5 43. c3 Kc6 (43... b4 $16 44. c4 Kc6) 44. Bg7 (44. b4 $18) 44... Kd7 (44... b4 $16 45. c4 Kc5) 45. Ke3 $18 Bc5+ 46. Ke2 Bd6 47. Kf3 Ke6 48. Bh6 Be7 $2 (48... Bc7 {was called for.} 49. Ke2 Kd7) 49. Kg4 Bc5 50. h4 Bb6 51. h5 Ba5 $2 (51... Bc5 52. hxg6 hxg6) 52. hxg6 {White is clearly winning.} hxg6 53. c4 bxc4 54. bxc4 Bb4 55. Be3 Be7 56. Bc1 Bd8 57. Ba3 Bf6 58. Kf3 (58. Bb4 $142 Bd8 59. Bc5) 58... Kd7 59. Bc5 Kc6 60. Be3 Kd6 61. Kg4 Ke6 62. Bg5 Bg7 63. Bd8 Kd7 64. Bh4 Ke6 65. c5 {[%cal Bc4c5,Bc5c6][%mdl 32]} Bf8 66. Bf2 Be7 {[#]} 67. c6 $1 {Precision: White = 80%, Black = 46%.} 1-0

[Event "22nd OIBM 2018"]
[Site "Gmund am Tegernsee"]
[Date "2018.10.28"]
[Round "2"]
[White "Caspi, Israel"]
[Black "Wenner, Tobias"]
[Result "0-1"]
[WhiteElo "2471"]
[BlackElo "2119"]
[Annotator "TA"]
[PlyCount "74"]
[EventDate "2018.10.27"]
[EventType "swiss"]
[EventCountry "GER"]
[SourceTitle "playchess.com"]
[Source "ChessBase"]
[SourceQuality "1"]

{[%evp 26,74,-81,-119,0,-19,0,-115,3,-23,-22,-20,-8,-22,-14,-63,-56,-67,-52,-60,-50,-57,-49,-55,-59,-112,-105,-112,-108,-120,-116,-122,-112,-145,-125,-146,-141,-138,-121,-194,-201,-197,-187,-197,-181,-271,-253,-270,-251,-452,-444]} 1. e4 e6 2. d3 d5 3. Nd2 Nf6 4. Ngf3 Nc6 5. g3 dxe4 6. dxe4 e5 7. Bg2 Bc5 8. O-O O-O 9. Qe2 a5 10. Nb3 {C00: French: Unusual White 2nd moves} (10. Nc4 Qe7 11. c3 b6 12. Nh4 Qe6 13. b3 Ba6 14. Nf5 g6 15. Qd2 Rfd8 16. Qg5 Kh8 17. Qh4 Ne8 18. Bh3 {0-1 (117) Gundavaa,B (2492)-Ganguly,S (2631) Al Ain 2015}) 10... Bd6 11. Rd1 a4 12. Nbd2 b6 13. c3 Ba6 14. Qe1 {[#] LiveBook: 3 Games} Bc5 $146 (14... Bd3 $1 $17 {Threatens to win with ...Bc2.} 15. Nf1 Bc2) ({Predecessor:} 14... Bd3 15. Nf1 Bc2 16. Bg5 Bxd1 17. Rxd1 h6 {0-1 (51) Arlinsky,U (2318)-Shachar,E (2357) Acre 2013}) 15. Nb3 (15. Nf1 {seems wilder.} Qc8 16. Nh4 Qe6 17. Nf5 Rfd8 18. Be3) 15... Bd6 (15... Bxf2+ $11 16. Kxf2 Qe7) 16. Nbd2 $17 {[#]} Qc8 (16... Bd3 $1 $17 {aiming for ...Bc2.} 17. Nf1 Bc2) 17. Nf1 h6 18. Nh4 Re8 19. Nf5 Bf8 20. N1e3 g6 $36 {[%cal Bg7g6,Bg6g5][%mdl 2080] Black is more active.} 21. Nd5 Nxd5 22. exd5 Qxf5 23. dxc6 e4 24. Bf4 Rac8 25. Rd7 (25. Rd4 $15) 25... g5 26. Be3 Bb5 27. Rad1 Bxc6 28. R7d2 Qe6 29. Qf1 Ra8 30. Bh3 f5 {[%cal Bf7f5,Bf5f4][%mdl 32]} 31. Qe2 Ra5 32. b4 (32. Bf1 $17 {is a better defense.}) 32... axb3 $19 33. axb3 Qxb3 34. c4 {[#] White hopes to continue with Qh5.} f4 $1 35. Rb2 (35. Qh5 $142 fxe3 36. Qg6+ Kh8 37. Qf6+ Bg7 38. Qxc6 exf2+ 39. Kxf2) (35. gxf4 gxf4) 35... Qc3 36. Bd4 Qf3 37. Qf1 $2 (37. Qxf3 {keeps fighting.} exf3 38. Rbb1) 37... e3 {Precision: White = 39%, Black = 58%.} 0-1

[Event "22nd OIBM 2018"]
[Site "Gmund am Tegernsee"]
[Date "2018.10.28"]
[Round "2"]
[White "Bellia, Fabrizio"]
[Black "Goldbeck, Lars"]
[Result "1-0"]
[WhiteElo "2448"]
[BlackElo "2184"]
[Annotator "TA"]
[PlyCount "63"]
[EventDate "2018.10.27"]
[EventType "swiss"]
[EventCountry "GER"]
[SourceTitle "playchess.com"]
[Source "ChessBase"]
[SourceQuality "1"]

{[%evp 22,62,41,22,42,20,85,33,24,22,35,20,137,145,146,142,151,146,170,155,153,145,152,127,225,209,210,168,284,284,310,307,562,527,1369,1397,2953,1216,2714,2675,29990,29983,29999]} 1. e4 c5 2. Nf3 d6 3. d4 cxd4 4. Nxd4 Nf6 5. Nc3 a6 6. h3 e5 7. Nde2 h5 {B90: Sicilian Najdorf: Unusual White 6th moves, 6 Be3 Ng4 and 6 Be3 e5} (7... b5 8. Ng3 Nbd7 9. Bg5 h6 10. Be3 Bb7 11. Bd3 h5 12. Bg5 g6 13. O-O Be7 14. a3 h4 15. Nge2 Nc5 16. Bxf6 Bxf6 {1-0 (48) Dominguez Perez,L (2739)-Vachier Lagrave,M (2779) chess.com INT 2018}) 8. g3 Be6 9. Bg2 Nbd7 10. O-O Rc8 11. a4 {[%cal Ba2a4,Ba4a5][%mdl 32]} Be7 12. b3 {LiveBook: 13 Games} O-O 13. Be3 $146 ({Predecessor:} 13. a5 Nb8 14. Be3 Qd7 15. Kh2 {½-½ (25) Hong,A (2378)-Troff,K (2492) Philadelphia 2017}) 13... Qc7 (13... Nc5 $11) 14. Ra2 ({White should play} 14. f4 $16) 14... Rfd8 15. a5 Re8 16. f4 {[%cal Bf2f4,Bf4f5][%mdl 32] aiming for f5.} Nf8 {[#]} (16... d5 $1 $11) 17. f5 $1 $36 {[%cal Rf5e6][%mdl 2048] White is really pushing.} Bd7 {[#]} 18. Nd5 $1 {[%cal Rd5c7]} Nxd5 19. exd5 ({Don't take} 19. Qxd5 $6 Bc6 $14) 19... Nh7 20. c4 h4 21. Qd2 hxg3 22. Nxg3 Qd8 (22... Bh4 $16 23. Bb6 Qb8) 23. Ne4 Nf6 24. Kh2 Nxe4 (24... Ra8 {might work better.} 25. Nxf6+ Bxf6) 25. Bxe4 $18 Bf6 26. Qe2 Bg5 $2 {[#]} (26... Kf8 27. Bb6 Rc7) 27. f6 $1 {[%mdl 512]} Bxf6 {If only Black now had time for ...Rf8....} 28. Qh5 {Black must now prevent Rg2.} Rc7 29. Qh7+ Kf8 30. Raf2 Ke7 31. Qxg7 Bxg7 32. Rxf7# {Precision: White = 86%, Black = 30%.} 1-0

[Event "22nd OIBM 2018"]
[Site "Gmund am Tegernsee"]
[Date "2018.10.28"]
[Round "2"]
[White "Carow, Johannes"]
[Black "Schultz, Andreas"]
[Result "1-0"]
[WhiteElo "2439"]
[BlackElo "2183"]
[Annotator "TA"]
[PlyCount "85"]
[EventDate "2018.10.27"]
[EventType "swiss"]
[EventCountry "GER"]
[SourceTitle "playchess.com"]
[Source "ChessBase"]
[SourceQuality "1"]

{[%evp 12,85,5,0,18,11,10,20,20,16,23,0,0,0,16,0,3,19,15,8,66,58,73,72,66,-8,-5,-33,-25,-40,-47,-48,-34,-67,-34,-33,-33,-71,-54,-63,-60,-63,-58,-55,-53,-65,-49,-50,-12,-25,0,0,0,0,0,0,82,89,164,154,348,358,330,349,320,331,307,132,358,345,460,436,768,768,642,611]} 1. c4 e6 2. g3 d5 3. Bg2 Nf6 4. Nf3 dxc4 5. Na3 Bxa3 6. bxa3 O-O 7. Bb2 {LiveBook: 34 Games. A13: English Opening: 1...e6} b5 (7... Nc6 8. Rc1 Re8 9. Rxc4 e5 10. Qa1 Be6 11. Rh4 Bd5 12. d3 Nd7 13. O-O f6 14. Rc1 Qe7 15. Bh3 Be6 16. Bg2 Bd5 17. Bh3 Be6 18. Bg2 {½-½ (18) Iturrizaga Bonelli,E (2652)-Viterbo Ferreira,J (2522) Maia 2018}) 8. Nd4 $146 ({Predecessor:} 8. a4 a6 9. Nd4 c6 10. axb5 Qb6 11. Rb1 axb5 12. Nxb5 Rxa2 13. Bd4 Qd8 14. Nc3 Ra8 {½-½ (43) Mogranzini,R (2433)-Rombaldoni,D (2495) Montecatini Terme 2011}) 8... Nd5 9. Nxb5 {The position is equal.} c6 10. Nc3 Nd7 11. a4 Qa5 12. O-O N7b6 13. Qc2 Rd8 14. Rab1 Bd7 15. Rfc1 Be8 (15... Rac8 $11) 16. Ne4 $14 Qxa4 17. Qxa4 Nxa4 18. Bd4 (18. Rxc4 $14 Nxb2 19. Rxb2) 18... Ndb6 $11 19. e3 Rac8 20. Rc2 c5 21. Ba1 h6 22. f3 f5 23. Nc3 Rd6 24. Kf2 Rcd8 25. Ke2 Nd5 26. Nxd5 exd5 27. Be5 Rb6 28. Rbc1 Re6 29. f4 Bc6 30. Bh3 g6 31. g4 {[%cal Bg3g4,Bg4f5][%mdl 32]} d4 32. exd4 cxd4 {Hoping for ...d3+.} 33. Kf2 {[#]} Bb5 (33... c3 $1 $11 {[%mdl 512] remains equal.}) 34. gxf5 $16 Rxe5 (34... Rc6 $16) 35. fxe5 $18 d3 $2 (35... Rd5 $16 {might work better.} 36. Re1 (36. fxg6 Rxe5 37. Rxc4 Bxc4 $18) 36... Nc5) 36. Rxc4 Bxc4 37. Rxc4 {[%mdl 4096] Endgame KRB-KRN} Nb6 38. Rg4 g5 39. Bg2 (39. Ke3 $18 {is more deadly.}) 39... Kf7 $2 {[#]} (39... Rf8 $16) 40. Rb4 Rc8 41. Ke3 {White is clearly winning.} Rc2 (41... Rc5 $142 42. Kd4 (42. Kxd3 Rxe5 43. Be4 Ra5 $14) 42... Rc2 43. Kxd3 Rxa2) 42. a4 Rc5 43. Kd4 {Precision: White = 49%, Black = 37%.} 1-0

[Event "22nd OIBM 2018"]
[Site "Gmund am Tegernsee"]
[Date "2018.10.28"]
[Round "2"]
[White "Pezerovic, Edin"]
[Black "Schneider, Jana"]
[Result "1/2-1/2"]
[WhiteElo "2420"]
[BlackElo "2174"]
[Annotator "TA"]
[PlyCount "117"]
[EventDate "2018.10.27"]
[EventType "swiss"]
[EventCountry "GER"]
[SourceTitle "playchess.com"]
[Source "ChessBase"]
[SourceQuality "1"]

{[%evp 19,117,-6,14,-5,-20,-29,-28,-29,-27,-49,-34,-37,-16,-24,-10,-12,-11,-14,0,0,0,0,0,0,26,-3,23,34,97,86,82,97,68,37,75,78,78,81,75,75,87,25,25,25,25,25,25,25,25,31,47,25,25,25,67,67,67,25,74,74,74,64,74,74,97,0,0,0,0,0,0,0,0,0,0,0,0,0,0,0,0,0,0,0,0,0,0,0,0,0,0,0,0,0,0,0,0,0,0,0]} 1. d4 Nf6 2. Bf4 e6 3. e3 d5 4. Nd2 Bd6 5. Bg3 O-O 6. Bd3 c5 7. c3 Qc7 8. Ngf3 Nbd7 9. O-O {D02: 1 d4 d5 2 Nf3 sidelines, including 2...Nf6 3 g3 and 2...Nf6 3 Bf4} (9. Qc2 e5 10. dxe5 Nxe5 11. Nxe5 Bxe5 12. Nf3 Bxg3 13. hxg3 h6 14. c4 Be6 15. O-O Rfd8 16. Rac1 Rac8 17. cxd5 Nxd5 {½-½ (36) Vachier Lagrave,M (2779)-Dominguez Perez,L (2739) chess.com INT 2018}) 9... Bxg3 10. hxg3 e5 {[#] LiveBook: 4 Games. aiming for ...e4.} 11. dxe5 Nxe5 12. Be2 $146 ({Predecessor:} 12. Nxe5 Qxe5 13. Nf3 Qe7 14. Qa4 Bd7 15. Qf4 Rfe8 16. b4 Rac8 17. bxc5 {0-1 (50) Rotstein,A (2506)-Schwabeneder,F (2396) Austria 2018}) 12... Rd8 13. Nxe5 Qxe5 14. Nf3 Qe7 15. Qc2 Bg4 16. Rfe1 Rac8 17. c4 dxc4 18. Bxc4 a6 19. a4 Nd5 20. Bxd5 Rxd5 21. Rad1 Rf5 22. Qc4 Bxf3 23. gxf3 Qf6 (23... Qe6 $14 24. Qxe6 fxe6) 24. f4 $16 Qc6 25. e4 Rh5 26. Rd5 b5 27. Qd3 Rxd5 28. exd5 {[%mdl 4096] Endgame KQR-KQR} c4 29. Qf5 g6 30. dxc6 ({White should play} 30. Qe5 $16 Qc5 31. axb5 axb5 32. d6 Qxe5 33. fxe5) 30... gxf5 $11 31. axb5 axb5 $16 {KR-KR} 32. Re5 $1 {[%csl LRb5,LRf5]} Rxc6 33. Rxb5 Kg7 34. Rxf5 Rb6 35. Rc5 Rb4 36. Kg2 Kg6 37. g4 f6 38. Rc6 h6 39. Kg3 Rxb2 40. f5+ Kf7 41. Rc7+ Kg8 42. Kh4 ({White should try} 42. Rxc4 $16 {Hoping for Rc6.} Rb7 43. Ra4) 42... Rxf2 $11 {The position is equal.} 43. Rxc4 Rh2+ 44. Kg3 Rh1 45. Kg2 Rh4 46. Rc8+ Kg7 47. Rc7+ Kg8 48. Kg3 Rh1 49. Kf4 Rh4 50. Kf3 (50. Rc6 {with more complications.} Kf7 51. Kg3 Rh1 52. Re6 Rg1+ 53. Kh4) 50... h5 51. gxh5 Rxh5 52. Ke4 Rg5 53. Rc1 Kf7 54. Rf1 Rg2 55. Ra1 Rf2 56. Ra7+ Kf8 57. Ra8+ Kg7 58. Ra7+ Kf8 59. Ra8+ {Precision: White = 61%, Black = 61%.} 1/2-1/2

[Event "22nd OIBM 2018"]
[Site "Gmund am Tegernsee"]
[Date "2018.10.28"]
[Round "2"]
[White "Morawietz, Dieter"]
[Black "Ryzhkov, Vadim"]
[Result "1-0"]
[WhiteElo "2408"]
[BlackElo "2171"]
[Annotator "NA"]
[PlyCount "67"]
[EventDate "2018.10.27"]
[EventType "swiss"]
[EventCountry "GER"]
[SourceTitle "playchess.com"]
[Source "ChessBase"]
[SourceQuality "1"]
[TimeControl "40/5400+30:1800+30"]

1. d4 {[%emt 0:00:00]} Nf6 {[%emt 0:00:00]} 2. c4 {[%emt 0:00:00]} g6 {[%emt 0:00:00]} 3. Nc3 {[%emt 0:00:03]} d5 {[%emt 0:00:07]} 4. cxd5 {[%emt 0:02:03]} Nxd5 {[%emt 0:00:10]} 5. e4 {[%emt 0:00:08]} Nxc3 {[%emt 0:00:14]} 6. bxc3 {[%emt 0:00:04]} Bg7 {[%emt 0:00:19]} 7. Bg5 {[%emt 0:00:27]} c5 {[%emt 0:02:45]} 8. Rc1 {[%emt 0:00:10]} Qa5 {[%emt 0:04:23]} 9. Bd2 {[%emt 0:03:30]} Qxa2 {[%emt 0:08:47]} 10. d5 {[%emt 0:07:05]} O-O {[%emt 0:16:00]} 11. Bd3 {[%emt 0:16:47]} e6 {[%emt 0:07:46]} 12. c4 {[%emt 0:02:32]} Re8 {[%emt 0:07:30]} 13. Ne2 {[%emt 0:00:56]} Bd7 {[%emt 0:04:05]} 14. O-O {[%emt 0:02:20]} Qa6 {[%emt 0:06:52]} 15. Bc3 {[%emt 0:04:23]} e5 {[%emt 0:05:48]} 16. Rb1 {[%emt 0:10:57]} b6 {[%emt 0:04:12]} 17. Qd2 {[%emt 0:01:24]} Qc8 {[%emt 0:05:13]} 18. f4 {[%emt 0:00:59]} Qd8 {[%emt 0:01:40]} 19. Rf2 {[%emt 0:16:06]} Qe7 {[%emt 0:03:52]} 20. Rbf1 {[%emt 0:02:01]} Rf8 {[%emt 0:00:09]} 21. Qb2 {[%emt 0:00:27]} Na6 {[%emt 0:02:36]} 22. fxe5 {[%emt 0:02:20]} Nb4 {[%emt 0:00:39]} 23. Bb1 {[%emt 0:00:20]} Bh6 {[%emt 0:03:46]} 24. Rf6 {[%emt 0:01:45]} Bg4 {[%emt 0:03:26]} 25. Nf4 {[%emt 0:03:05]} Bg7 {[%emt 0:03:23]} 26. Qf2 {[%emt 0:01:40]} Bxf6 {[%emt 0:04:32]} 27. exf6 {[%emt 0:00:08]} Qd7 {[%emt 0:00:50]} 28. Qh4 {[%emt 0:00:34]} h5 {[%emt 0:00:45]} 29. Qg5 {[%emt 0:00:38]} Kh7 {[%emt 0:00:08]} 30. Bd2 {[%emt 0:11:25]} Rh8 {[%emt 0:01:21]} 31. e5 {[%emt 0:00:24]} Bf5 {[%emt 0:01:15]} 32. e6 {[%emt 0:00:10]} fxe6 {[%emt 0:02:06]} 33. Bxf5 {[%emt 0:00:07]} exf5 {[%emt 0:00:52]} 34. Qxg6# {[%emt 0:00:06]} 1-0